Real Town Names or Fake? - Statistics

General Stats
  • This quiz has been taken 59 times
  • The average score is 8 of 15
Answer Stats
Question Answer % Correct
Tamworth Real
93%
Toowoomba Real
83%
Funglevile Fake
76%
Wagga Wagga Real
76%
Gunnedah Real
69%
Come By Chance Real
69%
Geraldton Real
62%
Nowhere Else Real
52%
Dunedoo Real
48%
Milo Fake
38%
Billton Fake
34%
Doo Town Real
34%
Bendi Bendi Fake
31%
Milibah Fake
31%
Codville Fake
31%
No matching quizzes found
Score Distribution
Percent of People with Each Score
Percentile by Number Answered
Your Score History
You have not taken this quiz